| 000 | 00397cam a22001337a 4500 | ||
|---|---|---|---|
| 008 | 180718b1952 xxu||||| |||| 00| 0 eng d | ||
| 082 | _aG295x42 K591 | ||
| 245 |
_aHistory in Hansard, 1803-1900: an anthology _cedited by Stephen King-Hall and Ann Dewar |
||
| 260 |
_aLondon _bConstable _c1952 |
||
| 300 | _a252p. | ||
| 650 | _aUK - Parliament | ||
| 700 | _aDewae, Ann | ||
| 700 | _aKing-Hall, Stephen | ||
| 999 |
_c369359 _d369359 |
||